[Event "WYCC Open U14"]
[Site "Porto Carras"]
[Date "2015.10.31"]
[Round "6.11"]
[White "Guerra Rivera, Salvador"]
[Black "Sargsyan, Shant"]
[Result "1/2-1/2"]
[BlackElo "2357"]
[WhiteElo "2189"]
[LiveChessVersion "1.4.6"]

1. e4 {[%clk 1:30:57]} c5 {[%clk 1:30:54]} 2. Nf3 {[%clk 1:30:58]} Nc6
{[%clk 1:31:17]} 3. d4 {[%clk 1:31:05]} cxd4 {[%clk 1:31:38]} 4. Nxd4
{[%clk 1:31:17]} Qb6 {[%clk 1:31:50]} 5. Nb3 {[%clk 1:31:19]} Nf6
{[%clk 1:31:57]} 6. Nc3 {[%clk 1:31:23]} e6 {[%clk 1:32:13]} 7. Bd3
{[%clk 1:30:48]} a6 {[%clk 1:31:46]} 8. f4 {[%clk 1:30:21]} d6 {[%clk 1:29:16]}
9. Qf3 {[%clk 1:29:20]} Qc7 {[%clk 1:26:43]} 10. Be3 {[%clk 1:28:52]} b5
{[%clk 1:26:42]} 11. g4 {[%clk 1:27:34]} h6 {[%clk 1:19:48]} 12. O-O-O
{[%clk 1:26:38]} Bb7 {[%clk 1:18:22]} 13. Kb1 {[%clk 1:24:35]} Be7
{[%clk 1:10:12]} 14. h4 {[%clk 1:22:39]} h5 {[%clk 1:06:01]} 15. gxh5
{[%clk 1:06:50]} Rxh5 {[%clk 1:02:15]} 16. Rhg1 {[%clk 1:06:17]} g6
{[%clk 1:00:00]} 17. Qf2 {[%clk 1:06:24]} Nb4 {[%clk 0:53:52]} 18. Bb6
{[%clk 0:40:46]} Qb8 {[%clk 0:48:22]} 19. Be2 {[%clk 0:29:02]} Nxe4
{[%clk 0:33:39]} 20. Nxe4 {[%clk 0:28:59]} Bxe4 {[%clk 0:34:02]} 21. Bxh5
{[%clk 0:29:09]} Bxc2+ {[%clk 0:33:55]} 22. Ka1 {[%clk 0:29:11]} gxh5
{[%clk 0:33:16]} 23. Rd2 {[%clk 0:25:44]} Bxb3 {[%clk 0:23:48]} 24. axb3
{[%clk 0:25:46]} a5 {[%clk 0:23:08]} 25. f5 {[%clk 0:19:27]} Qb7 {[%clk 0:18:40]}
26. Bc5 {[%clk 0:10:19]} a4 {[%clk 0:07:30]} 27. Rg8+ {[%clk 0:06:41]} Kd7
{[%clk 0:07:45]} 28. fxe6+ {[%clk 0:05:48]} fxe6 {[%clk 0:08:06]} 29. Rxd6+
{[%clk 0:03:16]} Kc7 {[%clk 0:04:28]} 30. Rxa8 Qxa8 {[%clk 0:03:27]} 31. Rxe6
{[%clk 0:04:03]} axb3+ {[%clk 0:01:31]} 32. Ba7 {[%clk 0:04:24]} Qh1+
{[%clk 0:00:35]} 33. Qg1 {[%clk 0:04:47]} Qxg1+ {[%clk 0:00:36]} 34. Bxg1
{[%clk 0:05:07]} Bxh4 {[%clk 0:00:36]} 35. Kb1 {[%clk 0:04:53]} Bg3
{[%clk 0:00:35]} 36. Re3 {[%clk 0:04:43]} h4 {[%clk 0:00:35]} 37. Rxb3
{[%clk 0:05:07]} Bd6 {[%clk 0:00:34]} 38. Bf2 {[%clk 0:04:53]} Kc6
{[%clk 0:00:34]} 39. Bxh4 {[%clk 0:04:55]} Nd5 {[%clk 0:00:36]} 40. Rd3
{[%clk 0:34:47]} Be5 {[%clk 0:30:44]} 41. Bg3 {[%clk 0:33:57]} Bh8
{[%clk 0:28:19]} 42. Rf3 {[%clk 0:33:50]} Nb4 {[%clk 0:23:29]} 43. Be1
{[%clk 0:32:41]} Nd5 {[%clk 0:23:41]} 44. Kc2 {[%clk 0:32:12]} Kc5
{[%clk 0:22:08]} 45. Rf5 {[%clk 0:31:30]} Kc6 {[%clk 0:21:37]} 46. Bd2
{[%clk 0:31:16]} Bd4 {[%clk 0:20:38]} 47. Rh5 {[%clk 0:30:16]} Bg7
{[%clk 0:18:31]} 48. b3 {[%clk 0:30:09]} Nc7 {[%clk 0:13:31]} 49. Rg5
{[%clk 0:28:23]} Ne6 {[%clk 0:13:20]} 50. Rg6 {[%clk 0:28:08]} Kd5
{[%clk 0:13:41]} 51. Bc3 {[%clk 0:28:33]} Bf8 {[%clk 0:13:06]} 52. Rg1
{[%clk 0:28:15]} Bd6 {[%clk 0:11:20]} 53. Rd1+ {[%clk 0:26:17]} Kc6
{[%clk 0:11:42]} 54. Bf6 {[%clk 0:26:00]} Nf4 {[%clk 0:10:42]} 55. Bg5
{[%clk 0:25:41]} Ne6 {[%clk 0:10:10]} 56. Bh4 {[%clk 0:25:10]} Be5
{[%clk 0:09:42]} 57. Bf2 {[%clk 0:24:52]} Bd6 {[%clk 0:06:34]} 58. Ra1
{[%clk 0:24:38]} Nc7 {[%clk 0:06:01]} 59. Kd3 {[%clk 0:24:43]} Kd5
{[%clk 0:06:00]} 60. Ra2 {[%clk 0:23:18]} Be5 {[%clk 0:05:20]} 61. Rc2
{[%clk 0:23:02]} Na6 {[%clk 0:04:31]} 62. Rd2 {[%clk 0:21:00]} Bd6
{[%clk 0:03:16]} 63. Kc3+ {[%clk 0:20:58]} Kc6 {[%clk 0:02:55]} 64. Kd4
{[%clk 0:17:23]} Nc7 {[%clk 0:02:47]} 65. Rc2+ {[%clk 0:17:20]} Kd7
{[%clk 0:03:06]} 66. Be3 {[%clk 0:16:26]} Ne6+ {[%clk 0:01:41]} 67. Ke4
{[%clk 0:16:51]} Be7 {[%clk 0:01:05]} 68. Bf2 {[%clk 0:10:36]} Bd6
{[%clk 0:00:59]} 69. Bb6 {[%clk 0:11:03]} Ng5+ {[%clk 0:00:42]} 70. Kd4
{[%clk 0:08:38]} Ne6+ {[%clk 0:01:02]} 71. Kc3 {[%clk 0:08:43]} Kc6
{[%clk 0:00:55]} 72. Be3 {[%clk 0:08:51]} Kd5 {[%clk 0:00:40]} 73. b4
{[%clk 0:08:44]} Nc7 {[%clk 0:00:39]} 74. Kb3 {[%clk 0:08:16]} Na6
{[%clk 0:00:42]} 75. Bd2 {[%clk 0:08:39]} Nb8 {[%clk 0:00:41]} 76. Be1
{[%clk 0:08:15]} Nc6 {[%clk 0:00:40]} 77. Bc3 {[%clk 0:07:51]} Bxb4
{[%clk 0:00:35]} 78. Bxb4 {[%clk 0:06:47]} 1/2-1/2

[Event "WYCC Open U14"]
[Site "Porto Carras"]
[Date "2015.10.31"]
[Round "6.12"]
[White "Giannoulakis, Labros"]
[Black "Hakobyan, Aram"]
[Result "0-1"]
[BlackElo "2288"]
[WhiteElo "2139"]
[LiveChessVersion "1.4.6"]

1. d4 {[%clk 1:30:56]} Nf6 {[%clk 1:30:49]} 2. c4 {[%clk 1:31:22]} e6
{[%clk 1:31:12]} 3. Nc3 {[%clk 1:31:47]} Bb4 {[%clk 1:31:34]} 4. e3
{[%clk 1:32:11]} c5 {[%clk 1:31:09]} 5. Bd3 {[%clk 1:32:33]} Nc6 {[%clk 1:31:24]}
6. Nf3 {[%clk 1:32:39]} Bxc3+ {[%clk 1:31:46]} 7. bxc3 {[%clk 1:33:04]} d6
{[%clk 1:32:11]} 8. e4 {[%clk 1:32:56]} e5 {[%clk 1:32:32]} 9. d5
{[%clk 1:32:59]} Ne7 {[%clk 1:33:00]} 10. Nh4 {[%clk 1:33:12]} Ng6
{[%clk 1:29:25]} 11. Nf5 {[%clk 1:30:22]} O-O {[%clk 1:24:24]} 12. O-O
{[%clk 1:29:48]} Re8 {[%clk 1:22:28]} 13. f3 {[%clk 1:22:04]} Nf8
{[%clk 1:04:01]} 14. Rb1 {[%clk 1:16:33]} h6 {[%clk 1:00:05]} 15. Bc2
{[%clk 1:09:30]} Bxf5 {[%clk 0:51:20]} 16. exf5 {[%clk 1:09:48]} Rb8
{[%clk 0:51:04]} 17. Re1 {[%clk 0:56:51]} Qa5 {[%clk 0:45:04]} 18. Bd2
{[%clk 0:44:37]} Qxa2 {[%clk 0:40:04]} 19. Bd3 {[%clk 0:43:30]} Qa5
{[%clk 0:37:19]} 20. Ra1 {[%clk 0:40:11]} Qb6 {[%clk 0:37:12]} 21. g4
{[%clk 0:40:25]} N8d7 {[%clk 0:34:37]} 22. Be4 {[%clk 0:35:01]} a6
{[%clk 0:23:49]} 23. Kh1 {[%clk 0:23:54]} Qd8 {[%clk 0:22:41]} 24. Rg1
{[%clk 0:18:55]} Kf8 {[%clk 0:11:46]} 25. Qe1 {[%clk 0:11:28]} Nb6
{[%clk 0:12:02]} 26. g5 {[%clk 0:09:05]} hxg5 {[%clk 0:12:27]} 27. Bxg5
{[%clk 0:09:31]} Nbd7 {[%clk 0:12:32]} 28. Bh4 {[%clk 0:07:57]} Ke7
{[%clk 0:10:54]} 29. Rxg7 {[%clk 0:07:52]} Rg8 {[%clk 0:11:02]} 30. Rxg8
{[%clk 0:07:22]} Qxg8 {[%clk 0:11:30]} 31. Bc2 {[%clk 0:06:05]} Qh7
{[%clk 0:11:01]} 32. Rb1 {[%clk 0:05:15]} Rh8 {[%clk 0:07:32]} 33. Bg3
{[%clk 0:05:28]} b6 {[%clk 0:06:42]} 34. Qe3 {[%clk 0:03:47]} Qh3
{[%clk 0:06:18]} 35. Rg1 {[%clk 0:02:13]} Nh5 {[%clk 0:05:57]} 36. Qf2
{[%clk 0:02:29]} Ndf6 {[%clk 0:05:10]} 37. Bd3 {[%clk 0:02:01]} Rg8
{[%clk 0:04:49]} 38. Qe1 {[%clk 0:01:09]} a5 {[%clk 0:03:53]} 39. Bc2
{[%clk 0:00:40]} Nxg3+ {[%clk 0:03:58]} 0-1

[Event "WYCC Open U14"]
[Site "Porto Carras"]
[Date "2015.11.01"]
[Round "7.1"]
[White "Gholami, Aryan"]
[Black "Lobanov, Sergei"]
[Result "1-0"]
[BlackElo "2394"]
[WhiteElo "2400"]
[LiveChessVersion "1.4.6"]

1. e4 {[%clk 1:30:54]} c5 {[%clk 1:30:52]} 2. Nf3 {[%clk 1:31:17]} d6
{[%clk 1:31:12]} 3. c3 {[%clk 1:31:24]} Nf6 {[%clk 1:31:37]} 4. Be2
{[%clk 1:31:48]} g6 {[%clk 1:31:57]} 5. O-O {[%clk 1:32:10]} Bg7 {[%clk 1:32:17]}
6. Bb5+ {[%clk 1:32:30]} Nbd7 {[%clk 1:30:32]} 7. Re1 {[%clk 1:32:46]} O-O
{[%clk 1:29:40]} 8. d4 {[%clk 1:32:46]} a6 {[%clk 1:29:50]} 9. Bf1
{[%clk 1:28:58]} Qc7 {[%clk 1:27:55]} 10. h3 {[%clk 1:19:34]} b5 {[%clk 1:18:28]}
11. a4 {[%clk 1:16:47]} Bb7 {[%clk 1:18:30]} 12. d5 {[%clk 1:12:37]} c4
{[%clk 0:54:10]} 13. axb5 {[%clk 1:07:15]} Nc5 {[%clk 0:52:12]} 14. b6
{[%clk 0:57:55]} Qxb6 {[%clk 0:52:30]} 15. Nbd2 {[%clk 0:57:31]} Qc7
{[%clk 0:46:54]} 16. Qc2 {[%clk 0:56:35]} e6 {[%clk 0:43:02]} 17. dxe6
{[%clk 0:54:24]} fxe6 {[%clk 0:43:32]} 18. Bxc4 {[%clk 0:53:25]} Rae8
{[%clk 0:42:11]} 19. Bf1 {[%clk 0:46:03]} a5 {[%clk 0:38:10]} 20. Nd4
{[%clk 0:39:48]} a4 {[%clk 0:18:13]} 21. Bb5 {[%clk 0:37:39]} Ra8
{[%clk 0:18:40]} 22. Bc4 {[%clk 0:37:09]} d5 {[%clk 0:16:52]} 23. exd5
{[%clk 0:36:32]} exd5 {[%clk 0:17:19]} 24. Bb5 {[%clk 0:32:51]} Nfe4
{[%clk 0:13:04]} 25. Nxe4 {[%clk 0:27:33]} dxe4 {[%clk 0:10:09]} 26. Be3
{[%clk 0:27:46]} Kh8 {[%clk 0:07:18]} 27. Bxa4 {[%clk 0:26:39]} Nd3
{[%clk 0:06:28]} 28. Ne6 {[%clk 0:20:55]} Nxe1 {[%clk 0:06:55]} 29. Rxe1
{[%clk 0:21:20]} Qa5 {[%clk 0:05:36]} 30. Nxf8 {[%clk 0:17:36]} Qxa4
{[%clk 0:06:03]} 31. Qxa4 {[%clk 0:17:53]} Rxa4 {[%clk 0:06:33]} 32. Ne6
{[%clk 0:18:04]} Bd5 {[%clk 0:06:30]} 33. Nc5 {[%clk 0:15:49]} Ra2
{[%clk 0:06:47]} 34. Rd1 {[%clk 0:13:29]} Bg8 {[%clk 0:07:16]} 35. Rd2
{[%clk 0:13:07]} Be5 {[%clk 0:05:31]} 36. g3 {[%clk 0:12:37]} Bc4
{[%clk 0:05:50]} 37. Nxe4 {[%clk 0:11:45]} Ra1+ {[%clk 0:06:18]} 38. Kh2
{[%clk 0:11:11]} Kg8 {[%clk 0:06:23]} 39. Bd4 {[%clk 0:09:15]} Bd5
{[%clk 0:06:47]} 40. f3 {[%clk 0:39:18]} 1-0

[Event "WYCC Open U14"]
[Site "Porto Carras"]
[Date "2015.11.01"]
[Round "7.2"]
[White "Shevchenko, Kirill"]
[Black "Vokhidov, Shamsiddin"]
[Result "1/2-1/2"]
[BlackElo "2336"]
[WhiteElo "2359"]
[LiveChessVersion "1.4.6"]

1. e4 {[%clk 1:30:59]} e5 {[%clk 1:30:54]} 2. Nf3 {[%clk 1:31:21]} Nc6
{[%clk 1:31:20]} 3. Bb5 {[%clk 1:31:41]} a6 {[%clk 1:31:46]} 4. Ba4
{[%clk 1:32:05]} Nf6 {[%clk 1:32:11]} 5. O-O {[%clk 1:32:25]} Be7
{[%clk 1:32:34]} 6. Re1 {[%clk 1:31:57]} b5 {[%clk 1:32:56]} 7. Bb3
{[%clk 1:32:27]} d6 {[%clk 1:33:18]} 8. a4 {[%clk 1:32:47]} b4 {[%clk 1:33:46]}
9. d4 {[%clk 1:33:08]} O-O {[%clk 1:34:12]} 10. dxe5 {[%clk 1:33:31]} Nxe5
{[%clk 1:34:41]} 11. Nxe5 {[%clk 1:33:50]} dxe5 {[%clk 1:35:08]} 12. Qe2
{[%clk 1:33:52]} Bb7 {[%clk 1:35:27]} 13. Rd1 {[%clk 1:27:45]} Qe8
{[%clk 1:34:11]} 14. f3 {[%clk 1:23:37]} Nh5 {[%clk 1:26:14]} 15. Be3
{[%clk 1:13:43]} Nf4 {[%clk 1:24:34]} 16. Qf2 {[%clk 1:13:46]} a5
{[%clk 1:24:30]} 17. Nd2 {[%clk 1:03:57]} Kh8 {[%clk 1:23:47]} 18. Nc4
{[%clk 0:44:15]} f5 {[%clk 1:15:56]} 19. Bxf4 {[%clk 0:44:25]} exf4
{[%clk 1:16:22]} 20. e5 {[%clk 0:42:31]} Qc6 {[%clk 1:08:05]} 21. Kh1
{[%clk 0:35:51]} Bc5 {[%clk 1:07:27]} 22. Qd2 {[%clk 0:34:37]} Qh6
{[%clk 1:07:37]} 23. e6 {[%clk 0:29:02]} Rf6 {[%clk 1:07:31]} 24. Qd8+
{[%clk 0:29:23]} Rxd8 {[%clk 1:02:04]} 25. Rxd8+ {[%clk 0:29:52]} Rf8
{[%clk 1:02:28]} 26. e7 {[%clk 0:27:39]} Bxe7 {[%clk 1:02:55]} 27. Rxf8+
{[%clk 0:28:04]} Bxf8 {[%clk 1:03:20]} 28. Ne5 {[%clk 0:28:30]} 1/2-1/2

[Event "WYCC Open U14"]
[Site "Porto Carras"]
[Date "2015.11.01"]
[Round "7.3"]
[White "Fakhrutdinov, Timur"]
[Black "Tabatabaei, M.Amin"]
[Result "1-0"]
[BlackElo "2488"]
[WhiteElo "2305"]
[LiveChessVersion "1.4.6"]

1. e4 {[%clk 1:30:58]} c6 {[%clk 1:30:55]} 2. d4 {[%clk 1:31:11]} d5
{[%clk 1:31:20]} 3. Nc3 {[%clk 1:31:36]} dxe4 {[%clk 1:31:45]} 4. Nxe4
{[%clk 1:32:00]} Bf5 {[%clk 1:32:11]} 5. Ng3 {[%clk 1:32:18]} Bg6
{[%clk 1:32:35]} 6. h4 {[%clk 1:32:39]} h6 {[%clk 1:33:04]} 7. Nf3
{[%clk 1:33:01]} Nd7 {[%clk 1:33:29]} 8. h5 {[%clk 1:33:16]} Bh7 {[%clk 1:33:58]}
9. Bd3 {[%clk 1:33:36]} Bxd3 {[%clk 1:34:23]} 10. Qxd3 {[%clk 1:34:01]} e6
{[%clk 1:34:47]} 11. Bd2 {[%clk 1:34:20]} Ngf6 {[%clk 1:35:11]} 12. O-O-O
{[%clk 1:34:34]} a5 {[%clk 1:35:35]} 13. Qe2 {[%clk 1:25:40]} Bb4
{[%clk 1:35:54]} 14. c3 {[%clk 1:17:08]} Be7 {[%clk 1:36:09]} 15. Rhe1
{[%clk 1:13:38]} a4 {[%clk 1:35:48]} 16. c4 {[%clk 1:10:25]} O-O {[%clk 1:26:56]}
17. Kb1 {[%clk 1:03:22]} b5 {[%clk 1:22:46]} 18. Ne5 {[%clk 0:57:54]} Qc7
{[%clk 1:09:20]} 19. Ng6 {[%clk 0:37:19]} Rfe8 {[%clk 1:02:49]} 20. Nxe7+
{[%clk 0:29:42]} Rxe7 {[%clk 1:03:17]} 21. Rc1 {[%clk 0:29:48]} bxc4
{[%clk 0:54:16]} 22. Qxc4 {[%clk 0:29:23]} Ree8 {[%clk 0:54:36]} 23. Qxc6
{[%clk 0:17:10]} Qa7 {[%clk 0:54:59]} 24. Qc4 {[%clk 0:15:55]} Reb8
{[%clk 0:49:57]} 25. Rc2 {[%clk 0:13:30]} Nb6 {[%clk 0:40:24]} 26. Qd3
{[%clk 0:13:17]} Nbd5 {[%clk 0:40:30]} 27. Rec1 {[%clk 0:12:11]} Qb7
{[%clk 0:40:44]} 28. Ka1 {[%clk 0:09:02]} Ra6 {[%clk 0:40:43]} 29. f3
{[%clk 0:07:33]} Rb6 {[%clk 0:22:53]} 30. Qa3 {[%clk 0:07:52]} Qa6
{[%clk 0:15:04]} 31. Ne4 {[%clk 0:05:46]} Nxe4 {[%clk 0:13:44]} 32. fxe4
{[%clk 0:06:04]} Nb4 {[%clk 0:14:09]} 33. Rc4 {[%clk 0:04:59]} Nc6
{[%clk 0:11:43]} 34. Qc3 {[%clk 0:04:04]} Qb7 {[%clk 0:08:16]} 35. Rc2
{[%clk 0:02:25]} Nd8 {[%clk 0:05:40]} 36. Bf4 {[%clk 0:01:35]} Ra8
{[%clk 0:06:09]} 37. Bc7 {[%clk 0:00:55]} Rb3 {[%clk 0:06:14]} 38. Qe1
{[%clk 0:00:59]} Rb5 {[%clk 0:02:29]} 39. g4 {[%clk 0:01:02]} Rg5
{[%clk 0:00:46]} 40. Qe2 {[%clk 0:30:47]} Kh7 {[%clk 0:30:39]} 41. a3
{[%clk 0:18:42]} Rb5 {[%clk 0:26:11]} 42. Be5 {[%clk 0:14:53]} Rb3
{[%clk 0:24:23]} 43. g5 {[%clk 0:12:44]} hxg5 {[%clk 0:17:59]} 44. h6
{[%clk 0:09:48]} gxh6 {[%clk 0:13:17]} 45. Rc7 {[%clk 0:07:08]} Qb5
{[%clk 0:12:04]} 46. Qf2 {[%clk 0:07:22]} Qe8 {[%clk 0:11:18]} 47. Qf6
{[%clk 0:03:20]} Qf8 {[%clk 0:11:28]} 48. Rh2 {[%clk 0:02:26]} Rxa3+
{[%clk 0:03:48]} 49. Kb1 {[%clk 0:02:23]} Rb3 {[%clk 0:01:17]} 50. Rxh6+
{[%clk 0:02:28]} 1-0

[Event "WYCC Open U14"]
[Site "Porto Carras"]
[Date "2015.11.01"]
[Round "7.4"]
[White "Pultinevicius, Paulius"]
[Black "Esipenko, Andrey"]
[Result "0-1"]
[BlackElo "2384"]
[WhiteElo "2157"]
[LiveChessVersion "1.4.6"]

1. d4 {[%clk 1:30:58]} Nf6 {[%clk 1:30:44]} 2. Nf3 {[%clk 1:31:22]} e6
{[%clk 1:30:27]} 3. g3 {[%clk 1:31:43]} b5 {[%clk 1:30:50]} 4. Bg2
{[%clk 1:20:44]} Bb7 {[%clk 1:30:58]} 5. O-O {[%clk 1:21:10]} Be7
{[%clk 1:30:51]} 6. Bg5 {[%clk 1:18:59]} d5 {[%clk 1:17:27]} 7. c3
{[%clk 1:16:11]} Nbd7 {[%clk 1:15:25]} 8. Nbd2 {[%clk 1:05:39]} c5
{[%clk 1:11:27]} 9. a4 {[%clk 0:44:59]} b4 {[%clk 1:00:39]} 10. cxb4
{[%clk 0:45:03]} cxb4 {[%clk 0:53:21]} 11. a5 {[%clk 0:42:58]} Ba6
{[%clk 0:52:57]} 12. Re1 {[%clk 0:42:10]} O-O {[%clk 0:51:07]} 13. Bxf6
{[%clk 0:32:45]} Bxf6 {[%clk 0:43:45]} 14. e4 {[%clk 0:32:57]} dxe4
{[%clk 0:42:01]} 15. Nxe4 {[%clk 0:32:48]} Bb7 {[%clk 0:38:51]} 16. Qa4
{[%clk 0:27:04]} Rb8 {[%clk 0:37:53]} 17. Rad1 {[%clk 0:20:53]} Bd5
{[%clk 0:35:48]} 18. Nxf6+ {[%clk 0:19:55]} Nxf6 {[%clk 0:35:53]} 19. Ne5
{[%clk 0:20:14]} Bxg2 {[%clk 0:34:06]} 20. Kxg2 {[%clk 0:18:41]} Qd5+
{[%clk 0:34:15]} 21. Kg1 {[%clk 0:19:09]} Rfc8 {[%clk 0:23:53]} 22. Rc1
{[%clk 0:15:23]} Rxc1 {[%clk 0:20:26]} 23. Rxc1 {[%clk 0:15:47]} Qxd4
{[%clk 0:17:13]} 24. Nc6 {[%clk 0:10:01]} Qxb2 {[%clk 0:17:08]} 25. Qd1
{[%clk 0:06:32]} Ra8 {[%clk 0:12:06]} 26. Nxa7 {[%clk 0:06:02]} Nd5
{[%clk 0:11:13]} 27. Rc8+ {[%clk 0:05:34]} Rxc8 {[%clk 0:11:28]} 28. Nxc8
{[%clk 0:06:03]} Qa2 {[%clk 0:07:50]} 29. Ne7+ {[%clk 0:06:03]} Kf8
{[%clk 0:08:13]} 30. Nxd5 {[%clk 0:06:25]} exd5 {[%clk 0:08:39]} 31. a6
{[%clk 0:06:39]} Qxa6 {[%clk 0:08:52]} 32. Qxd5 {[%clk 0:07:05]} Qb6
{[%clk 0:07:56]} 33. Qb3 {[%clk 0:03:35]} Qd4 {[%clk 0:07:33]} 34. Kf1
{[%clk 0:03:51]} Qd2 {[%clk 0:06:50]} 35. Qf3 {[%clk 0:02:41]} Qc1+
{[%clk 0:05:56]} 36. Kg2 {[%clk 0:02:30]} g6 {[%clk 0:05:56]} 37. h4
{[%clk 0:00:51]} h5 {[%clk 0:04:35]} 38. Qd5 {[%clk 0:01:02]} Qc3
{[%clk 0:04:28]} 39. Qd8+ {[%clk 0:01:25]} Kg7 {[%clk 0:04:52]} 40. Qa5
{[%clk 0:31:29]} Qc6+ {[%clk 0:35:08]} 41. Kf1 {[%clk 0:31:54]} b3
{[%clk 0:34:31]} 42. Qe5+ {[%clk 0:31:51]} Qf6 {[%clk 0:34:07]} 43. Qb5
{[%clk 0:32:20]} Qa1+ {[%clk 0:34:03]} 44. Kg2 {[%clk 0:32:01]} b2 0-1

[Event "WYCC Open U14"]
[Site "Porto Carras"]
[Date "2015.11.01"]
[Round "7.5"]
[White "Nguyen, Thai Dai Van"]
[Black "Zarubitski, Viachaslau"]
[Result "1-0"]
[BlackElo "2310"]
[WhiteElo "2409"]
[LiveChessVersion "1.4.6"]

1. e4 {[%clk 1:30:53]} c5 {[%clk 1:30:57]} 2. Nf3 {[%clk 1:31:14]} e6
{[%clk 1:31:22]} 3. d4 {[%clk 1:31:30]} cxd4 {[%clk 1:31:48]} 4. Nxd4
{[%clk 1:31:55]} a6 {[%clk 1:32:12]} 5. c4 {[%clk 1:32:06]} Nf6 {[%clk 1:32:37]}
6. Nc3 {[%clk 1:32:32]} Qc7 {[%clk 1:33:04]} 7. a3 {[%clk 1:32:39]} b6
{[%clk 1:33:28]} 8. Be3 {[%clk 1:32:59]} Bb7 {[%clk 1:33:48]} 9. f3
{[%clk 1:33:06]} Be7 {[%clk 1:33:01]} 10. Be2 {[%clk 1:31:34]} O-O
{[%clk 1:32:20]} 11. Rc1 {[%clk 1:21:31]} d6 {[%clk 1:31:24]} 12. O-O
{[%clk 1:21:30]} Nbd7 {[%clk 1:31:18]} 13. b4 {[%clk 1:19:11]} Ne5
{[%clk 1:27:54]} 14. Na4 {[%clk 0:59:37]} Rab8 {[%clk 1:20:11]} 15. Qd2
{[%clk 0:57:08]} Ba8 {[%clk 1:16:35]} 16. Nb3 {[%clk 0:51:42]} Bc6
{[%clk 1:00:08]} 17. Nc3 {[%clk 0:41:22]} Ba8 {[%clk 0:57:32]} 18. Na4
{[%clk 0:34:12]} Bc6 {[%clk 0:57:47]} 19. Nb2 {[%clk 0:34:35]} Rfc8
{[%clk 0:53:26]} 20. Rfd1 {[%clk 0:34:20]} Qd7 {[%clk 0:43:16]} 21. Nd4
{[%clk 0:32:45]} Ba8 {[%clk 0:41:40]} 22. Qe1 {[%clk 0:32:04]} Qe8
{[%clk 0:40:37]} 23. Qf2 {[%clk 0:31:02]} Bd8 {[%clk 0:37:23]} 24. Kh1
{[%clk 0:29:05]} h6 {[%clk 0:33:21]} 25. Re1 {[%clk 0:24:06]} Kh8
{[%clk 0:25:51]} 26. Kg1 {[%clk 0:23:40]} Kg8 {[%clk 0:25:45]} 27. Red1
{[%clk 0:20:07]} Bc7 {[%clk 0:24:29]} 28. Rc2 {[%clk 0:16:52]} Nc6
{[%clk 0:12:00]} 29. Nxc6 {[%clk 0:16:06]} Bxc6 {[%clk 0:11:43]} 30. Rdc1
{[%clk 0:15:30]} a5 {[%clk 0:09:52]} 31. Nd3 {[%clk 0:14:42]} Nd7
{[%clk 0:08:29]} 32. Rc3 {[%clk 0:13:46]} Bd8 {[%clk 0:08:03]} 33. Bd4
{[%clk 0:13:21]} e5 {[%clk 0:04:57]} 34. Be3 {[%clk 0:13:45]} Bg5
{[%clk 0:05:18]} 35. Bxg5 {[%clk 0:10:42]} hxg5 {[%clk 0:05:47]} 36. Qe3
{[%clk 0:10:45]} Qe7 {[%clk 0:05:16]} 37. h3 {[%clk 0:09:42]} Ba8
{[%clk 0:03:52]} 38. Kh2 {[%clk 0:08:43]} Rc7 {[%clk 0:02:22]} 39. Bd1
{[%clk 0:06:41]} Nf8 {[%clk 0:01:38]} 40. bxa5 {[%clk 0:33:53]} bxa5
{[%clk 0:31:33]} 41. c5 {[%clk 0:32:50]} Ne6 {[%clk 0:24:10]} 42. cxd6
{[%clk 0:22:38]} Qxd6 {[%clk 0:24:23]} 43. Rxc7 {[%clk 0:22:53]} Nxc7
{[%clk 0:24:52]} 44. Qc5 {[%clk 0:20:52]} Qxd3 {[%clk 0:18:12]} 45. Qxc7
{[%clk 0:21:14]} Rf8 {[%clk 0:14:40]} 46. Qxa5 {[%clk 0:16:02]} Qe3
{[%clk 0:15:01]} 47. Rc7 {[%clk 0:09:44]} Qf4+ {[%clk 0:12:46]} 48. Kh1
{[%clk 0:10:09]} g4 {[%clk 0:07:50]} 49. hxg4 {[%clk 0:09:24]} Qh6+
{[%clk 0:07:22]} 50. Kg1 {[%clk 0:09:51]} Qe3+ {[%clk 0:07:48]} 51. Kf1
{[%clk 0:09:17]} Rd8 {[%clk 0:04:51]} 52. Be2 {[%clk 0:08:35]} Rb8
{[%clk 0:02:17]} 53. Rd7 {[%clk 0:07:38]} Rb1+ {[%clk 0:01:46]} 54. Rd1
{[%clk 0:06:48]} Rxd1+ 55. Bxd1 {[%clk 0:07:08]} Bb7 {[%clk 0:01:22]} 56. Be2
{[%clk 0:07:03]} Qf4 {[%clk 0:01:07]} 57. Kf2 {[%clk 0:03:26]} g5
{[%clk 0:00:36]} 58. Qd8+ {[%clk 0:02:49]} Kg7 {[%clk 0:00:54]} 59. Qe7
{[%clk 0:02:24]} Bc6 {[%clk 0:01:16]} 60. g3 {[%clk 0:02:10]} Qf6
{[%clk 0:01:17]} 61. Qxf6+ {[%clk 0:02:32]} Kxf6 {[%clk 0:01:46]} 62. Bd1
{[%clk 0:02:45]} Ke7 {[%clk 0:01:59]} 63. a4 {[%clk 0:02:25]} Kd6
{[%clk 0:02:03]} 64. a5 {[%clk 0:02:39]} Kc5 {[%clk 0:01:06]} 65. Be2
{[%clk 0:02:43]} Kb4 {[%clk 0:00:50]} 66. a6 {[%clk 0:03:07]} Kc5
{[%clk 0:01:15]} 67. Ke3 {[%clk 0:03:30]} Kb6 {[%clk 0:01:20]} 68. Kd2
{[%clk 0:03:26]} Bd7 {[%clk 0:01:22]} 69. Kc3 {[%clk 0:03:49]} Kc5
{[%clk 0:00:50]} 70. Bc4 {[%clk 0:04:03]} Kb6 {[%clk 0:01:05]} 71. Kb4
{[%clk 0:03:40]} f6 {[%clk 0:01:11]} 72. a7 {[%clk 0:02:51]} Kxa7
{[%clk 0:01:17]} 73. Kc5 {[%clk 0:03:07]} Ba4 {[%clk 0:01:46]} 74. Be2
{[%clk 0:03:29]} Bc2 {[%clk 0:01:54]} 75. Kd6 {[%clk 0:03:05]} Kb6
{[%clk 0:02:23]} 76. Bf1 {[%clk 0:02:54]} Bd1 {[%clk 0:02:19]} 77. Bg2
{[%clk 0:03:16]} Be2 {[%clk 0:02:45]} 78. Ke6 {[%clk 0:03:37]} Kc5
{[%clk 0:03:14]} 79. Kxf6 {[%clk 0:03:51]} Kd4 {[%clk 0:03:44]} 80. Kxg5
{[%clk 0:03:32]} Ke3 {[%clk 0:04:13]} 81. f4 {[%clk 0:02:41]} Kf2
{[%clk 0:04:43]} 82. f5 {[%clk 0:02:18]} Kxg2 {[%clk 0:03:22]} 83. f6
{[%clk 0:02:37]} Bc4 {[%clk 0:03:48]} 84. Kf5 {[%clk 0:03:04]} Kxg3
{[%clk 0:03:48]} 85. g5 {[%clk 0:03:29]} Kf3 {[%clk 0:03:34]} 86. g6
{[%clk 0:03:47]} Bd3 {[%clk 0:04:02]} 87. f7 {[%clk 0:04:09]} Bxe4+
{[%clk 0:04:30]} 88. Kxe5 {[%clk 0:04:33]} Bxg6 {[%clk 0:04:53]} 89. f8=Q+
{[%clk 0:04:57]} Ke2 {[%clk 0:05:17]} 90. Kd4 {[%clk 0:05:17]} Kd1
{[%clk 0:05:29]} 91. Qf2 {[%clk 0:05:36]} 1-0